Budapesti színházak arculatváltásának hatása az értékesítésre

Bibliográfiai részletek
Szerző: Papp Judit
Dokumentumtípus: Záródolgozat
Kulcsszavak:Színház, Budapest
Gazdálkodás, színházi
Marketing, színházi
Katona József Színház
Nemzeti Színház
Arculat, színházi
Arculatváltás, hatás
Elemzés, összehasonlító
Online Access:http://dolgozattar.uni-bge.hu/59407

MARC

LEADER 00000nta a2200000 i 4500
001 dolg59407
005 20260114160156.0
008 260114suuuu hu o 000 hun d
040 |a BGE Dolgozattár Repozitórium  |b hun 
041 |a hu 
100 1 |a Papp Judit 
245 1 0 |a Budapesti színházak arculatváltásának hatása az értékesítésre  |c Papp Judit  |h [elektronikus dokumentum] 
516 |a Final_paper 
695 |a Színház, Budapest 
695 |a Gazdálkodás, színházi 
695 |a Marketing, színházi 
695 |a Katona József Színház 
695 |a Nemzeti Színház 
695 |a Arculat, színházi 
695 |a Arculatváltás, hatás 
695 |a Elemzés, összehasonlító 
700 1 |a Papp Judit  |e ths 
856 4 0 |u http://dolgozattar.uni-bge.hu/59407/1/Totobe-Anita.pdf  |z Dokumentum-elérés